000 00428nam a2200145 4500
999 _c510986
_d510986
008 190905b ||||| |||| 00| 0 eng d
100 _aBinu Kumar B.J.
_99884
245 _aPerformance of area, production and productivity of cashew in India and Kerala
260 _c2019
300 _ap.88-95.
700 _aSalim A, Abdul
_99885
773 _aProductivity
906 _aCashew industry - India - Kerala
942 _2ddc
_cAR